المكتبات في الأردن : (رقم التسجيلة. 3)
[ عرض عادي ]
| 000 -LEADER | |
|---|---|
| fixed length control field | 00522nam a22001817a 4500 |
| 005 - DATE AND TIME OF LATEST TRANSACTION | |
| control field | 20251108163329.0 |
| 008 - FIXED-LENGTH DATA ELEMENTS--GENERAL INFORMATION | |
| fixed length control field | 250721s1989 xx 000 0 ara d |
| 082 14 - DEWEY DECIMAL CLASSIFICATION NUMBER | |
| Classification number | 027.0565/زاش |
| 100 1# - MAIN ENTRY--PERSONAL NAME | |
| Personal name | زاش، أمل محمد |
| 245 10 - TITLE STATEMENT | |
| Title | المكتبات في الأردن : |
| Remainder of title | واقع و طموحات / |
| 250 ## - EDITION STATEMENT | |
| Edition statement | ط2.، مزيدة و منقحة |
| 264 1# - PRODUCTION, PUBLICATION, DISTRIBUTION, MANUFACTURE, AND COPYRIGHT NOTICE | |
| Place of production, publication, distribution, manufacture | عمان : |
| Name of producer, publisher, distributor, manufacturer | المؤلف، |
| Date of production, publication, distribution, manufacture, or copyright notice | 1989. |
| 300 ## - PHYSICAL DESCRIPTION | |
| Extent | 337 ص. |
| 650 17 - SUBJECT ADDED ENTRY--TOPICAL TERM | |
| Topical term or geographic name as entry element | المكتبات |
| 650 17 - SUBJECT ADDED ENTRY--TOPICAL TERM | |
| Topical term or geographic name as entry element | تاريخ الأردن |
| 942 ## - ADDED ENTRY ELEMENTS (KOHA) | |
| Source of classification or shelving scheme | Dewey Decimal Classification |
| Koha item type | كتب |
| حالة السحب | حالة الفقدان | مصدر التصنيف | حالة التلف | غير قابل للإعارة | المكتبة الرئيسية | المكتبة الحالية | موقع الرف | تاريخ التزويد | الرقم المتسلسل | Total Checkouts | رقم الإستدعاء | تاريخ آخر ظهور | تاريخ الفاتورة | نوع المادة (كوها) | الباركود | تاريخ آخر استعارة |
|---|---|---|---|---|---|---|---|---|---|---|---|---|---|---|---|---|
| Dewey Decimal Classification | مكتبة صويلح العامة | المكتبة المركزية | الإعارة | 15/06/2015 | 2160 | 2 | 027.0565/زاش | 04/11/2025 | 15/06/2015 | كتب | PLD00331295 | 04/11/2025 | ||||
| Dewey Decimal Classification | المكتبة المركزية | المكتبة المركزية | 28/07/2025 | 1759438 | 027.0565/زاش | 28/07/2025 | 28/07/2025 | كتب | ||||||||
| Dewey Decimal Classification | Unchecked | مكتبة أم قصير والمقابلين العامة | مكتبة أم قصير والمقابلين العامة | الإعارة | 06/07/2004 | 173 | 027.0565/زاش | 28/07/2025 | 06/07/2004 | كتب | ||||||
| Dewey Decimal Classification | Unchecked | مكتبة الاميرة بديعة | مكتبة الاميرة بديعة | الإعارة | 06/07/2004 | 3670 | 027.0565/زاش | 28/07/2025 | 06/07/2004 | كتب | ||||||
| Dewey Decimal Classification | Unchecked | مكتبة الجويدة | مكتبة الجويدة | الإعارة | 06/07/2004 | 2028 | 027.0565/زاش | 28/07/2025 | 06/07/2004 | كتب | ||||||
| Dewey Decimal Classification | Unchecked | مكتبة الجويدة | مكتبة الجويدة | الإعارة | 06/07/2004 | 3416 | 027.0565/زاش | 28/07/2025 | 06/07/2004 | كتب | ||||||
| Dewey Decimal Classification | Unchecked | مكتبة الحسن العامة | مكتبة الحسن العامة | الإعارة | 06/07/2004 | 5943 | 027.0565/زاش | 28/07/2025 | 06/07/2004 | كتب | ||||||
| Dewey Decimal Classification | مكتبة النصر العامة | مكتبة النصر العامة | الإعارة | 01/10/2014 | (5544) | 027.0565/زاش | 28/07/2025 | 01/10/2014 | كتب | PLD00308067 | ||||||
| Dewey Decimal Classification | Not For Loan | مكتبة تاريخ الأردن | مكتبة تاريخ الأردن | لا يعار | 08/11/2009 | 1329158 | 027.0565/زاش | 28/07/2025 | 08/11/2009 | كتب | PLD00117747 | |||||
| Dewey Decimal Classification | Unchecked | مكتبة وادي السير العامة | مكتبة وادي السير العامة | الإعارة | 06/07/2004 | 1233 | 027.0565/زاش | 28/07/2025 | 06/07/2004 | كتب | ||||||
| Dewey Decimal Classification | Unchecked | مكتبة وادي السير العامة | مكتبة وادي السير العامة | الإعارة | 06/07/2004 | 4120 | 027.0565/زاش | 28/07/2025 | 06/07/2004 | كتب |